| 000 | 00574nam a2200169 i 4500 | ||
|---|---|---|---|
| 001 | 32981 | ||
| 003 | ES-MaACL | ||
| 005 | 20230906154655.0 | ||
| 007 | t| | ||
| 008 | 030131s1945 ag ||||1| spa d | ||
| 100 | 1 |
_aBernard, Jean-Jacques. _928242 |
|
| 245 | 1 | 3 |
_aEl campo de la muerte lenta / _cJean Jacques Bernard ; traducción de Santiago Cunchillos Manterola. |
| 260 |
_aBuenos Aires : _bAlda, _c[1945] ( _fTall. Gráf.Anglo Argentinos S.R.L.) |
||
| 300 |
_a225 p. ; _c20 cm. |
||
| 700 | 1 |
_aCunchillos Manterola, Santiago. _942166 |
|
| 852 |
_aES-MaACL _jC-5160 _bR.25933 |
||
| 999 |
_c32981 _d32981 |
||